[Event "4NCL/Div3/OXF2 vs. LIT2"]
[Site "Daventry ENG"]
[Date "2009.05.02"]
[Round "9.3"]
[White "Burt, Will"]
[Black "Ireland, David J"]
[Result "0-1"]
[WhiteElo "2050"]
[BlackElo "1997"]
[PlyCount "48"]
[EventDate "2009.05.02"]
[EventCountry "ENG"]
[SourceDate "2008.10.04"]

1. e4 c5 2. Nf3 d6 3. d4 cxd4 4. Nxd4 Nf6 5. Nc3 g6 6. Be2 Bg7 7. Be3 O-O 8.
Qd2 Nc6 9. Nb3 a6 10. f3 b5 11. Bh6 Be6 12. Bxg7 Kxg7 13. h4 h5 14. g4 Bc4 15.
g5 Nd7 16. f4 Bxe2 17. Kxe2 Nb6 18. f5 Nc4 19. Qf4 e6 20. Rad1 b4 21. Nc5 e5
22. Qf1 bxc3 23. bxc3 Qb6 24. f6+ Kg8 0-1

[Event "4NCL/Div3/OXF2 vs. LIT2"]
[Site "Daventry ENG"]
[Date "2009.05.02"]
[Round "9.4"]
[White "Hewitt, Sean D"]
[Black "Lang, Heather"]
[Result "1/2-1/2"]
[WhiteElo "1955"]
[BlackElo "2059"]
[PlyCount "35"]
[EventDate "2009.05.02"]
[EventCountry "ENG"]
[SourceDate "2008.10.04"]

1. e4 e5 2. Nc3 Nf6 3. Bc4 Nc6 4. d3 Bb4 5. Bd2 O-O 6. Nge2 Na5 7. Bb3 Nxb3 8.
axb3 d5 9. Ng3 Bg4 10. f3 Be6 11. exd5 Nxd5 12. Nxd5 Bxd2+ 13. Qxd2 Qxd5 14.
Ra5 c5 15. Qe3 b6 16. Ra4 f5 17. Qg5 Qd8 18. Qxd8 1/2-1/2

[Event "4NCL/Div3/OXF2 vs. LIT2"]
[Site "Daventry ENG"]
[Date "2009.05.02"]
[Round "9.5"]
[White "Duggan, Chris"]
[Black "Deacon, Paul"]
[Result "1-0"]
[WhiteElo "2044"]
[BlackElo "1930"]
[PlyCount "59"]
[EventDate "2009.05.02"]
[EventCountry "ENG"]
[SourceDate "2008.10.04"]

1. e4 d5 2. exd5 Qxd5 3. Nc3 Qd8 4. Bc4 Nf6 5. d3 c6 6. Nge2 Bf5 7. O-O e6 8.
Ng3 Bg6 9. Qe2 Be7 10. f4 Bc5+ 11. Kh1 O-O 12. Nce4 Bxe4 13. dxe4 b5 14. Bd3 g6
15. f5 exf5 16. exf5 Re8 17. Qf3 g5 18. Bxg5 Bd4 19. c3 Be5 20. Rfe1 Qd6 21.
Bxf6 Qxf6 22. Bxb5 a6 23. Ba4 Qh4 24. Re4 Qh6 25. Rae1 f6 26. Qd3 Nd7 27. Qxd7
Rad8 28. Qxc6 Re7 29. Qb6 Bc7 30. Qb3+ 1-0

[Event "4NCL/Div3/OXF2 vs. LIT2"]
[Site "Daventry ENG"]
[Date "2009.05.02"]
[Round "9.6"]
[White "Mapletoft, Alexander J"]
[Black "Ludbrook, Matt"]
[Result "0-1"]
[WhiteElo "1925"]
[BlackElo "2020"]
[PlyCount "108"]
[EventDate "2009.05.02"]
[EventCountry "ENG"]
[SourceDate "2008.10.04"]

1. e4 e6 2. d4 d5 3. Nc3 Bb4 4. Bd2 Bxc3 5. Bxc3 dxe4 6. Qg4 Nf6 7. Qxg7 Rg8 8.
Qh6 Nbd7 9. Ne2 b6 10. g3 Bb7 11. Bg2 Qe7 12. O-O-O O-O-O 13. Qd2 Bd5 14. Nf4
Bb7 15. Bb4 c5 16. Qc3 Kb8 17. dxc5 bxc5 18. Ba5 Rc8 19. Rhe1 e5 20. Ne2 Nd5
21. Qb3 c4 22. Qa3 Qxa3 23. bxa3 f5 24. Bh3 Rg5 25. Bg2 N7f6 26. Bc3 Re8 27.
Bb2 Kc7 28. Nc3 Nxc3 29. Bxc3 Bd5 30. h4 Rh5 31. Bd2 Kc6 32. Bg5 Ng4 33. Be3
Re7 34. Kb1 Rf7 35. Bh3 Nh2 36. Ka1 f4 37. Bc1 Rg7 38. gxf4 Rxh4 39. Bc8 exf4
40. Rd4 Nf3 41. Rxd5 Kxd5 42. Rd1+ Kc5 43. Bb2 Rg1 44. Bd4+ Kc6 45. Rxg1 Nxg1
46. Kb2 Rh2 47. Bxa7 Nh3 48. Bf5 Nxf2 49. Bxf2 Rxf2 50. Bxe4+ Kc5 51. Bxh7 f3
52. Be4 Rf1 53. Kc3 f2 54. Bg2 Rg1 0-1

[Event "4NCL/Div3/NOTT1 vs. FCA2"]
[Site "Daventry ENG"]
[Date "2009.05.02"]
[Round "9.1"]
[White "Richmond, Robert J"]
[Black "Kendall, Paul S N"]
[Result "1/2-1/2"]
[WhiteElo "2211"]
[BlackElo "2052"]
[PlyCount "75"]
[EventDate "2009.05.02"]
[EventCountry "ENG"]
[SourceDate "2008.10.04"]

1. d4 Nf6 2. c4 e6 3. Nc3 Bb4 4. Qc2 Nc6 5. Nf3 d6 6. a3 Bxc3+ 7. Qxc3 O-O 8.
e3 Re8 9. Be2 e5 10. dxe5 dxe5 11. O-O Qe7 12. b4 Bg4 13. h3 Bh5 14. b5 e4 15.
bxc6 exf3 16. Bxf3 Bxf3 17. gxf3 b6 18. Bb2 Qc5 19. Kh2 Re6 20. Rad1 Rxc6 21.
Rg1 Kf8 22. Rd4 Rd6 23. Rf4 Rad8 24. a4 Rd3 25. Qc1 Nh5 26. Rfg4 Qd6+ 27. f4
Rd1 28. Be5 Qd2 29. Rxd1 Qxd1 30. Qxd1 Rxd1 31. Bxc7 Nf6 32. Rg5 Ne4 33. Re5
Nf6 34. c5 bxc5 35. Rxc5 Rd2 36. Kg1 Ne4 37. Re5 Nxf2 38. Bd6+ 1/2-1/2

[Event "4NCL/Div3/NOTT1 vs. FCA2"]
[Site "Daventry ENG"]
[Date "2009.05.02"]
[Round "9.2"]
[White "Valentine, Brian J"]
[Black "Walker, Andrew N"]
[Result "1/2-1/2"]
[WhiteElo "1997"]
[BlackElo "2096"]
[PlyCount "74"]
[EventDate "2009.05.02"]
[EventCountry "ENG"]
[SourceDate "2008.10.04"]

1. e4 e5 2. Nf3 Nc6 3. Bb5 Nf6 4. d3 Bc5 5. c3 d6 6. Nbd2 O-O 7. O-O Bg4 8. h3
Bh5 9. Re1 a6 10. Ba4 b5 11. Bb3 Bb6 12. Nf1 Na5 13. Bc2 Bg6 14. Ng3 Nh5 15.
Nxh5 Bxh5 16. g4 Bg6 17. b4 Nc6 18. a4 f6 19. Bb3+ Bf7 20. Bxf7+ Rxf7 21. axb5
axb5 22. Be3 Bxe3 23. Rxe3 Ne7 24. d4 Ng6 25. Rxa8 Qxa8 26. Qb3 Nf4 27. Kh2 c6
28. Re1 Kf8 29. Rd1 Ra7 30. dxe5 dxe5 31. Nh4 Ra3 32. Rd8+ Qxd8 33. Qxa3 Qd3
34. Qa8+ Kf7 35. Qb7+ Kf8 36. Qc8+ Kf7 37. Qc7+ Kf8 1/2-1/2

[Event "4NCL/Div3/NOTT1 vs. FCA2"]
[Site "Daventry ENG"]
[Date "2009.05.02"]
[Round "9.3"]
[White "Mercs, Peter J"]
[Black "Williamson, Kevin J"]
[Result "0-1"]
[WhiteElo "2075"]
[BlackElo "2025"]
[PlyCount "76"]
[EventDate "2009.05.02"]
[EventCountry "ENG"]
[SourceDate "2008.10.04"]

1. e4 d5 2. exd5 Qxd5 3. Nc3 Qe5+ 4. Be2 c6 5. Nf3 Qc7 6. d4 Bf5 7. Bd3 Bxd3 8.
Qxd3 Nf6 9. Bg5 Nbd7 10. O-O-O e6 11. Kb1 Bd6 12. Ne4 Nxe4 13. Qxe4 O-O 14. c4
Rfe8 15. Rhe1 h6 16. Bc1 c5 17. g4 Nf6 18. Qe2 Bf4 19. h4 Bxc1 20. Rxc1 Nxg4
21. dxc5 Qxc5 22. Rc2 Red8 23. a3 a5 24. Qe4 Nxf2 25. Qxb7 Rab8 26. Qa6 Rd6 27.
Qxd6 Qxd6 28. Rxf2 Qd3+ 29. Ka1 Qxc4 30. Rg1 Rb3 31. Rgf1 Qd5 32. Nd2 Rb7 33.
Nb1 e5 34. Re2 f6 35. Rfe1 Qd4 36. Rh1 Rb3 37. Rd2 Rxa3+ 38. Nxa3 Qxd2 0-1

[Event "4NCL/Div3/NOTT1 vs. FCA2"]
[Site "Daventry ENG"]
[Date "2009.05.02"]
[Round "9.4"]
[White "Elwin, Adrian G"]
[Black "Levens, David"]
[Result "1-0"]
[WhiteElo "1998"]
[BlackElo "1998"]
[PlyCount "71"]
[EventDate "2009.05.02"]
[EventCountry "ENG"]
[SourceDate "2008.10.04"]

1. d4 d5 2. c4 c6 3. Nc3 Nf6 4. Nf3 dxc4 5. a4 Bf5 6. e3 e6 7. Bxc4 Bb4 8. O-O
Nbd7 9. Bd3 Qa5 10. Qc2 O-O 11. e4 Bg6 12. e5 Nd5 13. Bd2 Rac8 14. Bxg6 hxg6
15. Ne4 Bxd2 16. Nfxd2 Nf4 17. Nc4 Qd8 18. g3 Nd5 19. Qd2 c5 20. Ncd6 Rc6 21.
Nxb7 Qb6 22. Nbxc5 Nxc5 23. Nxc5 Rd8 24. Rac1 Ne7 25. b4 Nf5 26. Nb3 Rxc1 27.
Rxc1 Nxd4 28. Nxd4 Rxd4 29. a5 Qd8 30. Qc3 Kh7 31. h4 Qd5 32. Qc5 Qe4 33. Qxa7
Qxe5 34. Qxf7 Rxb4 35. Rc8 Qe1+ 36. Kg2 1-0

[Event "4NCL/Div3/NOTT1 vs. FCA2"]
[Site "Daventry ENG"]
[Date "2009.05.02"]
[Round "9.5"]
[White "Truman, Richard G"]
[Black "Matthews, Adrian"]
[Result "0-1"]
[WhiteElo "2027"]
[BlackElo "1926"]
[PlyCount "142"]
[EventDate "2009.05.02"]
[EventCountry "ENG"]
[SourceDate "2008.10.04"]

1. e4 c5 2. Nf3 Nc6 3. d4 cxd4 4. Nxd4 Nf6 5. Nc3 e5 6. Ndb5 d6 7. Bg5 a6 8.
Bxf6 gxf6 9. Na3 f5 10. Bd3 Bg7 11. Qh5 Ne7 12. O-O b5 13. exf5 d5 14. Rad1 Qb6
15. Nxd5 Nxd5 16. Be4 Nf6 17. Qf3 Nxe4 18. Qxe4 Bb7 19. Qb4 Bf8 20. Qg4 h5 21.
Qg3 Bd6 22. Qg5 Be7 23. Qg3 Kf8 24. Qxe5 Rg8 25. g3 Qc6 26. f3 Bc5+ 27. Kg2 Re8
28. Qf4 Be3 29. Qd6+ Qxd6 30. Rxd6 Bc5 31. Rd2 Kg7 32. Nb1 Re3 33. Nc3 Rge8 34.
Ne4 Bxe4 35. fxe4 R8xe4 36. Kh3 Re2 37. f6+ Kg6 38. Rd8 Re8 39. Rd5 R2e5 40.
Rd3 R5e6 41. Rd5 Re5 42. Rd3 Bf8 43. Rd4 Bh6 44. g4 Re3+ 45. Kg2 Re2+ 46. Kh1
h4 47. Rd6 Re1 48. Rxe1 Rxe1+ 49. Kg2 Re6 50. Rd4 Kxf6 51. a4 Ke5 52. Rd7 Kf6
53. axb5 axb5 54. Rd5 b4 55. Rf5+ Kg6 56. Rb5 Bd2 57. Kh3 Be1 58. Rc5 f6 59.
Kg2 Re5 60. Rc8 Kf7 61. Kf3 Bd2 62. Kf2 Re6 63. c3 bxc3 64. bxc3 Ke7 65. c4 Kd7
66. Rg8 Bg5 67. Ra8 Re4 68. h3 Rxc4 69. Ra3 Ke6 70. Ra5 Rc3 71. Kg2 Rg3+ 0-1

[Event "4NCL/Div3/NOTT1 vs. FCA2"]
[Site "Daventry ENG"]
[Date "2009.05.02"]
[Round "9.6"]
[White "Shaw, John S"]
[Black "Kingston, Ian"]
[Result "0-1"]
[WhiteElo "1895"]
[BlackElo "2037"]
[PlyCount "52"]
[EventDate "2009.05.02"]
[EventCountry "ENG"]
[SourceDate "2008.10.04"]

1. d4 d5 2. Nf3 Nf6 3. e3 c5 4. dxc5 Nc6 5. c4 e6 6. Nc3 Bxc5 7. Be2 O-O 8. O-O
b6 9. a3 a5 10. cxd5 Nxd5 11. Nxd5 exd5 12. Nd4 Bb7 13. b3 Nxd4 14. exd4 Bd6
15. Bf3 Qc7 16. g3 Rac8 17. Be3 Qe7 18. Re1 Qf6 19. Be2 Rc7 20. Qd3 Qe7 21. a4
f5 22. f4 Ba6 23. Qxa6 Qxe3+ 24. Kg2 Bb4 25. Rf1 Rc2 26. Rf2 Re8 0-1

[Event "4NCL/Div3/WOB vs. BRI2"]
[Site "Daventry ENG"]
[Date "2009.05.02"]
[Round "9.1"]
[White "Kanike, Uday Kumar"]
[Black "Bass, John W"]
[Result "1/2-1/2"]
[WhiteElo "2050"]
[BlackElo "2101"]
[PlyCount "52"]
[EventDate "2009.05.02"]
[EventCountry "ENG"]
[SourceDate "2008.10.04"]

1. d4 d5 2. Nf3 c6 3. c3 Bg4 4. Ne5 Bf5 5. Qb3 Qb6 6. Qxb6 axb6 7. Bf4 Nf6 8.
Nd2 e6 9. e3 h6 10. Bd3 Bxd3 11. Nxd3 Nbd7 12. h3 Be7 13. O-O O-O 14. Rfe1 b5
15. a3 Rfe8 16. Nf3 Nb6 17. Nfe5 Nc4 18. Rac1 g5 19. Bh2 Ne4 20. Nxc4 bxc4 21.
Ne5 f5 22. Rc2 Kg7 23. f3 Nf6 24. g4 Rad8 25. Rg2 fxg4 26. Nxg4 Nxg4 1/2-1/2

[Event "4NCL/Div3/WOB vs. BRI2"]
[Site "Daventry ENG"]
[Date "2009.05.02"]
[Round "9.2"]
[White "Collier, David O"]
[Black "Parry, Matthew"]
[Result "1-0"]
[WhiteElo "2114"]
[BlackElo "1870"]
[PlyCount "95"]
[EventDate "2009.05.02"]
[EventCountry "ENG"]
[SourceDate "2008.10.04"]

1. d4 d5 2. c4 c6 3. Nf3 Nf6 4. Nc3 e6 5. Bg5 h6 6. Bxf6 Qxf6 7. e3 Nd7 8. Qc2
Bd6 9. Be2 Qd8 10. O-O O-O 11. e4 dxe4 12. Nxe4 Bc7 13. Rfd1 f5 14. Nc3 Qf6 15.
b4 e5 16. d5 e4 17. Ne1 Qe5 18. g3 Nf6 19. Ng2 g5 20. f4 exf3 21. Bxf3 Ng4 22.
Bxg4 fxg4 23. d6 Bf5 24. Qd2 Bxd6 25. Qxd6 Qxc3 26. Qxh6 Qf6 27. Qxf6 Rxf6 28.
Rd4 Re8 29. Re1 Rfe6 30. Rxe6 Rxe6 31. Kf2 Rf6 32. Ne3 Bb1+ 33. Ke2 Bxa2 34.
Rxg4 Rg6 35. h4 Kf7 36. h5 Re6 37. Kd2 Kf6 38. Rd4 Bb1 39. Rd7 Re7 40. Rd8 Bh7
41. Rd6+ Ke5 42. c5 Ke4 43. Ke2 Ke5 44. Kf3 Be4+ 45. Kg4 b6 46. Kxg5 Rg7+ 47.
Kh4 a5 48. Ng4+ 1-0

[Event "4NCL/Div3/WOB vs. BRI2"]
[Site "Daventry ENG"]
[Date "2009.05.02"]
[Round "9.3"]
[White "Zhu, Yao Yao"]
[Black "Humphreys, Jerry"]
[Result "0-1"]
[WhiteElo "1997"]
[BlackElo "2076"]
[PlyCount "90"]
[EventDate "2009.05.02"]
[EventCountry "ENG"]
[SourceDate "2008.10.04"]

1. e4 c5 2. Nc3 Nc6 3. g3 g6 4. Bg2 Bg7 5. f4 e6 6. Nf3 d6 7. O-O Nge7 8. d3
O-O 9. Ne2 Nd4 10. c3 Nxf3+ 11. Bxf3 Nc6 12. g4 d5 13. Ng3 d4 14. c4 Bd7 15.
Qe2 Re8 16. e5 f5 17. exf6 Qxf6 18. Ne4 Qe7 19. Qg2 Kh8 20. Be2 Rf8 21. f5 exf5
22. Bg5 Qf7 23. Rf4 b6 24. Raf1 Qe6 25. gxf5 gxf5 26. Ng3 Qg6 27. Bh4 Be5 28.
Bh5 Qh6 29. R4f3 f4 30. Qd2 Rg8 31. Rxf4 Qxh5 32. Kh1 Qh6 33. Ne4 Bh3 34. R1f2
Raf8 35. Rxf8 Qxh4 36. Rxg8+ Kxg8 37. Qg5+ Qxg5 38. Nxg5 Bd7 39. Ne4 Kg7 40.
Rg2+ Kf8 41. Rf2+ Ke8 42. a3 Ne7 43. Ng5 Bf5 44. Re2 Bd6 45. Ne4 Kd7 0-1

[Event "4NCL/Div3/WOB vs. BRI2"]
[Site "Daventry ENG"]
[Date "2009.05.02"]
[Round "9.4"]
[White "White, Martin"]
[Black "Davies, Matthew"]
[Result "0-1"]
[WhiteElo "1980"]
[BlackElo "1943"]
[PlyCount "76"]
[EventDate "2009.05.02"]
[EventCountry "ENG"]
[SourceDate "2008.10.04"]

1. e4 e6 2. d4 d5 3. Nc3 Nf6 4. Bg5 Be7 5. e5 Nfd7 6. Bxe7 Qxe7 7. f4 a6 8. Nf3
c5 9. Qd2 Nc6 10. dxc5 Nxc5 11. Bd3 O-O 12. O-O-O b5 13. Kb1 b4 14. Ne2 a5 15.
Ned4 Nxd4 16. Nxd4 Ba6 17. Qe3 Rfc8 18. g4 a4 19. Bxa6 Rxa6 20. f5 Ne4 21. h4
a3 22. b3 Nc3+ 23. Ka1 Nxd1 24. Rxd1 Qxh4 25. Rg1 Qh2 26. Kb1 Rc3 27. Qe1 Ra8
28. Rh1 Re3 29. Qc1 Qxe5 30. Nc6 Qb2+ 31. Qxb2 axb2 32. Kxb2 exf5 33. gxf5 Re4
34. Rd1 h5 35. Rxd5 Rc8 36. Ne5 h4 37. Nf3 Rf4 38. Ng5 Rf2 0-1

[Event "4NCL/Div3/WOB vs. BRI2"]
[Site "Daventry ENG"]
[Date "2009.05.02"]
[Round "9.5"]
[White "Griffiths, Hywel"]
[Black "Varley, Ed"]
[Result "1/2-1/2"]
[WhiteElo "1810"]
[BlackElo "1910"]
[PlyCount "64"]
[EventDate "2009.05.02"]
[EventCountry "ENG"]
[SourceDate "2008.10.04"]

1. d4 Nf6 2. c4 e6 3. Nc3 Bb4 4. Nf3 O-O 5. Bg5 c5 6. Bxf6 Qxf6 7. e3 Nc6 8.
Be2 cxd4 9. exd4 d6 10. O-O Bxc3 11. bxc3 b6 12. Rb1 Ba6 13. Re1 Rac8 14. Nd2
Qg6 15. Bh5 Qf5 16. Ne4 Rfd8 17. Re3 Bxc4 18. Ng3 Qg5 19. Ne4 Qe7 20. Rg3 Bxa2
21. Rb2 Bd5 22. Ng5 e5 23. Qg4 g6 24. Qh4 exd4 25. Re2 Be6 26. Bg4 h5 27. Bxh5
Ne5 28. Bg4 Qd7 29. Qh7+ Kf8 30. Bxe6 fxe6 31. Qh8+ Ke7 32. Qg7+ Ke8 1/2-1/2

[Event "4NCL/Div3/WOB vs. BRI2"]
[Site "Daventry ENG"]
[Date "2009.05.02"]
[Round "9.6"]
[White "Taylor, John Paul"]
[Black "Smith, Steve"]
[Result "1-0"]
[WhiteElo "1395"]
[BlackElo "1638"]
[PlyCount "62"]
[EventDate "2009.05.02"]
[EventCountry "ENG"]
[SourceDate "2008.10.04"]

1. e4 e5 2. f4 exf4 3. Nf3 d6 4. Bc4 h6 5. O-O g5 6. d4 Bg7 7. Re1 Nc6 8. Nc3
Nge7 9. Nd5 O-O 10. h4 Bg4 11. hxg5 Bxd4+ 12. Kf1 hxg5 13. e5 Nxd5 14. Bxd5
Bxe5 15. Qd3 Nb4 16. Qg6+ Kh8 17. Qh6+ Kg8 18. Nxg5 Bf5 19. Bxf4 Bg7 20. Bxf7+
Rxf7 21. Nxf7 Kxf7 22. Qh5+ Bg6 23. Qf3 Qf6 24. Qb3+ d5 25. Qxb4 d4 26. Qc4+
Kf8 27. Qxc7 Rd8 28. Kg1 d3 29. Rad1 Qd4+ 30. Be3 d2 31. Rxd2 Qxd2 1-0

[Event "4NCL/Div3/OXF3 vs. SCS"]
[Site "Daventry ENG"]
[Date "2009.05.02"]
[Round "9.1"]
[White "Hadi, Justin"]
[Black "Baptie, Justin P"]
[Result "1/2-1/2"]
[WhiteElo "2015"]
[BlackElo "2101"]
[PlyCount "54"]
[EventDate "2009.05.02"]
[EventCountry "ENG"]
[SourceDate "2008.10.04"]

1. b3 Nf6 2. g3 d5 3. Bb2 c5 4. Bg2 Nc6 5. d3 b6 6. e3 Bb7 7. Nd2 e6 8. Ne2 Be7
9. h3 Qc7 10. a3 O-O 11. c4 Ne5 12. Bxe5 Qxe5 13. O-O Qc7 14. e4 Rad8 15. Qc2
Rd7 16. Rfd1 Rfd8 17. Nc3 a6 18. Nf1 h6 19. Rd2 dxe4 20. dxe4 Rxd2 21. Nxd2 Qd7
22. Rd1 Qd3 23. Qc1 Qd7 24. e5 Nh7 25. Nde4 Qc7 26. Rxd8+ Qxd8 27. Qd2 Qxd2
1/2-1/2

[Event "4NCL/Div3/OXF3 vs. SCS"]
[Site "Daventry ENG"]
[Date "2009.05.02"]
[Round "9.2"]
[White "Gedvilas, Arunas"]
[Black "Jeffries, Majid"]
[Result "1-0"]
[WhiteElo "1950"]
[BlackElo "2001"]
[PlyCount "61"]
[EventDate "2009.05.02"]
[EventCountry "ENG"]
[SourceDate "2008.10.04"]

1. e4 c5 2. Nf3 Nc6 3. d4 cxd4 4. Nxd4 Nf6 5. Nc3 d6 6. Be2 e6 7. Be3 a6 8. Qd2
Bd7 9. f4 Qc7 10. g4 Nxd4 11. Bxd4 Bc6 12. Bxf6 gxf6 13. f5 O-O-O 14. O-O-O h5
15. Kb1 hxg4 16. Bxg4 Bh6 17. Qf2 e5 18. Nd5 Bxd5 19. Rxd5 Kd7 20. Rhd1 Ke7 21.
R1d3 Rd7 22. Rc3 Qd8 23. Qe2 Bf4 24. h3 Qb6 25. a3 Bg5 26. Qc4 Qg1+ 27. Ka2 Rb8
28. Rxd6 Rxd6 29. Qc7+ Rd7 30. Qxb8 Qb6 31. Rc8 1-0

[Event "4NCL/Div3/OXF3 vs. SCS"]
[Site "Daventry ENG"]
[Date "2009.05.02"]
[Round "9.3"]
[White "Zhang, Marco"]
[Black "Fonseca, Antonio"]
[Result "1-0"]
[WhiteElo "1975"]
[BlackElo "1875"]
[PlyCount "45"]
[EventDate "2009.05.02"]
[EventCountry "ENG"]
[SourceDate "2008.10.04"]

1. e4 e5 2. Nc3 Bc5 3. Bc4 Nc6 4. d3 h6 5. f4 Bxg1 6. Rxg1 Qh4+ 7. Kf1 Nf6 8.
h3 Nh5 9. g4 Qxh3+ 10. Kf2 Nxf4 11. Bxf4 exf4 12. Nd5 O-O 13. Qd2 Qh4+ 14. Kf1
Ne5 15. Qxf4 Nxc4 16. dxc4 d6 17. Ke2 Be6 18. Kd3 c6 19. Rh1 Qg5 20. Qxg5 cxd5
21. Rxh6 dxc4+ 22. Kd4 d5 23. Rah1 1-0

[Event "4NCL/Div3/OXF3 vs. SCS"]
[Site "Daventry ENG"]
[Date "2009.05.02"]
[Round "9.5"]
[White "Terry, Sean"]
[Black "Lutton, J Arnold"]
[Result "1-0"]
[WhiteElo "1865"]
[BlackElo "1847"]
[PlyCount "119"]
[EventDate "2009.05.02"]
[EventCountry "ENG"]
[SourceDate "2008.10.04"]

1. d4 e6 2. Nf3 Be7 3. g3 Nf6 4. Bg2 d5 5. O-O Nbd7 6. b3 O-O 7. c4 c5 8. Bb2
Nb6 9. dxc5 Bxc5 10. Qc2 Qc7 11. Rc1 dxc4 12. Ng5 Nbd7 13. Qxc4 Qb6 14. Nh3 Rb8
15. a3 Qd6 16. b4 b5 17. Qc2 Bb6 18. Rd1 Qc7 19. Nc3 Bb7 20. e4 Rfc8 21. Qe2
Qc4 22. Qxc4 Rxc4 23. Bf1 Rd4 24. Bxb5 Ne5 25. Be2 Nxe4 26. Nb5 Rxd1+ 27. Rxd1
Ng6 28. a4 a6 29. Nd6 Nxd6 30. Rxd6 Bc7 31. Rd7 Be5 32. Bxe5 Nxe5 33. Rc7 Nf3+
34. Kf1 Nxh2+ 35. Ke1 Nf3+ 36. Kd1 g5 37. b5 axb5 38. Bxb5 h6 39. a5 Nd4 40.
Bd3 Bf3+ 41. Ke1 Rb3 42. Kd2 Bd5 43. a6 Ra3 44. f4 g4 45. Nf2 Ra2+ 46. Kc3 Rxf2
47. Kxd4 Rf3 48. a7 Kg7 49. Bc4 Ra3 50. Bxd5 exd5 51. Kxd5 Ra6 52. Kc5 h5 53.
Kb5 Ra1 54. Kb6 h4 55. Kb7 Rb1+ 56. Kc8 Ra1 57. Kb8 h3 58. a8=Q Rb1+ 59. Rb7
Re1 60. Qa2 1-0

[Event "4NCL/Div3/OXF3 vs. SCS"]
[Site "Daventry ENG"]
[Date "2009.05.02"]
[Round "9.6"]
[White "Hardy-Wallace, Daniel"]
[Black "Henbest, Kevin B"]
[Result "0-1"]
[WhiteElo "1820"]
[BlackElo "1795"]
[PlyCount "58"]
[EventDate "2009.05.02"]
[EventCountry "ENG"]
[SourceDate "2008.10.04"]

1. e4 c5 2. Nf3 d6 3. d4 cxd4 4. Nxd4 Nf6 5. Nc3 a6 6. Be2 e5 7. Nb3 Be6 8. Be3
Be7 9. O-O O-O 10. Bf3 Nbd7 11. a4 Rc8 12. Nd5 Nxd5 13. exd5 Bf5 14. c3 Bg6 15.
a5 f5 16. Ra4 f4 17. Bc1 Nc5 18. Nxc5 Rxc5 19. Qb3 Rb5 20. Qa2 Bc2 21. Ra3 e4
22. Be2 f3 23. Bxb5 axb5 24. b4 Bd3 25. Re1 Qe8 26. Qd2 Qg6 27. g3 Qh5 28. Kh1
Qh3 29. Rg1 Bf1 0-1

[Event "4NCL/Div3/LIT3 vs. HAL"]
[Site "Daventry ENG"]
[Date "2009.05.02"]
[Round "9.1"]
[White "Watkinson, Phil K"]
[Black "Lee, Darren"]
[Result "1-0"]
[WhiteElo "1950"]
[BlackElo "1950"]
[PlyCount "77"]
[EventDate "2009.05.02"]
[EventCountry "ENG"]
[SourceDate "2008.10.04"]

1. d4 Nf6 2. c4 g6 3. Nc3 Bg7 4. e4 d6 5. Be2 O-O 6. Bg5 Na6 7. Qd2 c6 8. h4 e5
9. d5 cxd5 10. cxd5 Nc5 11. f3 Qb6 12. g4 Ne8 13. Be7 f5 14. Bxf8 Kxf8 15. gxf5
gxf5 16. O-O-O Nf6 17. Rf1 Nh5 18. Rh2 Nf4 19. Kb1 Qb4 20. Nh3 Bd7 21. Nf2 Rc8
22. Nd3 Ncxd3 23. Bxd3 Ke8 24. Bc2 Bh6 25. a3 Qb6 26. exf5 Rc4 27. Qf2 Rd4 28.
Qg1 Kf8 29. Rd1 Rxd1+ 30. Qxd1 Qe3 31. Be4 Nh5 32. Rg2 Nf6 33. Qg1 Qf4 34. Qxa7
Nxe4 35. Qb8+ Ke7 36. Nxe4 Qc1+ 37. Ka2 Qc4+ 38. b3 Qxd5 39. f6+ 1-0

[Event "4NCL/Div3/LIT3 vs. HAL"]
[Site "Daventry ENG"]
[Date "2009.05.02"]
[Round "9.3"]
[White "Farrall, David J"]
[Black "Asbury, Jon A"]
[Result "1-0"]
[WhiteElo "1970"]
[BlackElo "1865"]
[PlyCount "69"]
[EventDate "2009.05.02"]
[EventCountry "ENG"]
[SourceDate "2008.10.04"]

1. e4 e6 2. d4 d5 3. Nc3 dxe4 4. Nxe4 Nd7 5. Nf3 Ngf6 6. Nxf6+ Nxf6 7. Bg5 Be7
8. Bd3 O-O 9. Qe2 h6 10. Bh4 c5 11. dxc5 Qa5+ 12. c3 Qxc5 13. O-O-O Rd8 14. Ne5
Bd7 15. f4 a6 16. Kb1 b5 17. g4 Bc6 18. Nxc6 Qxc6 19. Bxf6 Bxf6 20. Be4 Qc7 21.
Bxa8 Rxa8 22. Qe4 Rc8 23. Rc1 Qb8 24. Rcf1 Rc4 25. Qe3 Qc7 26. g5 hxg5 27. fxg5
Be5 28. Qf3 b4 29. cxb4 Rxb4 30. b3 Rd4 31. Rc1 Qd7 32. Rc2 Rd2 33. Rxd2 Qxd2
34. Qa8+ Kh7 35. Qe4+ 1-0

[Event "4NCL/Div3/LIT3 vs. HAL"]
[Site "Daventry ENG"]
[Date "2009.05.02"]
[Round "9.4"]
[White "Llewelyn, John D"]
[Black "Rajeswaran, Kiruthika"]
[Result "0-1"]
[WhiteElo "1815"]
[BlackElo "1850"]
[PlyCount "84"]
[EventDate "2009.05.02"]
[EventCountry "ENG"]
[SourceDate "2008.10.04"]

1. Nf3 d5 2. d3 Nc6 3. Nbd2 e5 4. e4 d4 5. g3 Be6 6. Bg2 Be7 7. O-O Qd7 8. Nc4
f6 9. Ne1 Bg4 10. f3 Bh3 11. f4 Bxg2 12. Kxg2 h5 13. fxe5 fxe5 14. Rf5 g6 15.
Nxe5 Qe6 16. Nxc6 gxf5 17. Nxd4 Qd7 18. Nxf5 Nf6 19. Ng7+ Kf7 20. Nf5 h4 21. g4
h3+ 22. Kf3 Rag8 23. g5 Nxe4 24. Nxe7 Nxg5+ 25. Bxg5 Rxg5 26. Ke3 Qxe7+ 27. Kd2
Qb4+ 28. Kc1 Qf4+ 29. Kb1 Rg1 30. b3 Qe3 31. Kb2 Qd4+ 32. Ka3 Rh6 33. Qf3+ Kg7
34. Qxb7 Qc5+ 35. Kb2 Qe5+ 36. c3 Qxh2+ 37. Ka3 Qd6+ 38. b4 Qa6+ 39. Qxa6 Rxa6+
40. Kb2 h2 41. Nf3 Rxa1 42. Nxh2 R6xa2+ 0-1

[Event "4NCL/Div3/LIT3 vs. HAL"]
[Site "Daventry ENG"]
[Date "2009.05.02"]
[Round "9.5"]
[White "Harrison, Peter K"]
[Black "Peck, Windsor W"]
[Result "0-1"]
[WhiteElo "1680"]
[BlackElo "1845"]
[PlyCount "70"]
[EventDate "2009.05.02"]
[EventCountry "ENG"]
[SourceDate "2008.10.04"]

1. d4 d5 2. Nf3 e6 3. c4 c6 4. e3 Nf6 5. Nc3 Nbd7 6. Qc2 Be7 7. Bd3 O-O 8. O-O
b6 9. cxd5 exd5 10. Ne5 Bb7 11. f4 c5 12. Rf3 Re8 13. Rg3 Rc8 14. Bf5 cxd4 15.
exd4 Rc7 16. Nxd7 Nxd7 17. Bxh7+ Kf8 18. Qf5 Bh4 19. Re3 Rxe3 20. Bxe3 Qe7 21.
Bf2 Bxf2+ 22. Kxf2 Qb4 23. Rb1 Qxd4+ 24. Kf3 Qf6 25. Kg3 g6 26. Qh3 Kg7 27. Nb5
Rc4 28. Rf1 Nc5 29. Nc3 Rxc3+ 30. bxc3 Qxc3+ 31. Rf3 Ne4+ 32. Kg4 Bc8+ 33. f5
Qd2 34. Qh4 Qxg2+ 35. Kf4 g5+ 0-1

[Event "4NCL/Div3/LIT3 vs. HAL"]
[Site "Daventry ENG"]
[Date "2009.05.02"]
[Round "9.6"]
[White "Pitt, Christopher"]
[Black "Dean, Michael"]
[Result "1-0"]
[WhiteElo "1780"]
[BlackElo "1735"]
[PlyCount "129"]
[EventDate "2009.05.02"]
[EventCountry "ENG"]
[SourceDate "2008.10.04"]

1. e4 e5 2. Nf3 Nc6 3. Bb5 a6 4. Ba4 Nf6 5. d3 b5 6. Bb3 Bc5 7. Nbd2 d6 8. c3
O-O 9. Nf1 Na5 10. Bc2 Bb6 11. Bg5 Bg4 12. Ne3 Be6 13. O-O h6 14. Bh4 g5 15.
Nxg5 hxg5 16. Bxg5 Nc6 17. Bb3 Nb8 18. Qf3 Nbd7 19. Bd5 Rb8 20. Bc6 Bxe3 21.
fxe3 Bg4 22. Bxf6 Bxf3 23. Bxd8 Be2 24. Rf2 Bxd3 25. Bxc7 Rbc8 26. Bxd6 Rxc6
27. Bxf8 Nxf8 28. Rd1 Bxe4 29. Rd8 Kg7 30. Rfd2 Bh7 31. R8d6 Be4 32. Rxc6 Bxc6
33. Rd6 Bb7 34. Rb6 Bc8 35. Rb8 Be6 36. a3 Nd7 37. Ra8 Nc5 38. b4 Na4 39. Rxa6
Nxc3 40. Rc6 Nb1 41. Ra6 Bc4 42. Kf2 e4 43. Kg3 Nc3 44. Kf4 Bd3 45. Rd6 Nb1 46.
Ra6 Nc3 47. Ke5 Nd1 48. Kd4 Nf2 49. a4 bxa4 50. Rxa4 Nd1 51. Ra5 Nb2 52. Rc5
Na4 53. Re5 Kg6 54. Kd5 Nb6+ 55. Kd4 Na4 56. h4 f5 57. Re8 Be2 58. Ke5 Nb2 59.
Rg8+ Kf7 60. Rg5 Nc4+ 61. Kf4 Kf6 62. b5 Nb6 63. Rxf5+ Ke6 64. h5 Bxb5 65. Rxb5
1-0